000 01208nam a2200289 a 4500
001 39087
003 BD-RjUL
005 20211209052920.0
008 160404s1998 bg ||||| |||| 00| 0 ben d
020 _a9840737953 (v-1)
_c: Tk.200.00
020 _a9840742930 (v-2)
_c: Tk.200.00
035 _a(BD-RjUL)39199
040 _aBD-RjUL
_bben
_cBD-RjUL
041 _aben
082 _223
_a891.44408
_bHUS 1998, 2002
100 _aহক, সানাউল
_9118730
245 1 0 _aসানাউল হক রচনাবলী /
_cসানাউল হক , সম্পাদিত বিশ্বজিৎ ঘোষ
260 _aঢাকা :
_bবাংলা একাডেমী ,
_c২০০২, ১৯৯৮
300 _a খন্ড ;
_c২২ সেমি.
490 _aবা এ ;
_v ৩৭৮৬
_aবা এ ;
_v৪২৮৪
504 _aগ্রন্থপঞ্জি সংযুক্ত
505 _aখন্ড ১ - - খন্ড ২ - -
650 _aবাংলা প্রবন্ধ
_9120628
_vসংগ্রহ
650 _aBengali Essays
_9120629
_vCollection
700 _a ঘোষ, বিশ্বজিৎ, সম্পাদক
_9120630
942 _2ddc
_cBK
999 _c39087
_d39087